Revolucionarios de la ciencia. (Registro nro. 2292)

Detalles MARC
000 -LEADER
fixed length control field 02052nam a2200229 a 4500
008 - CAMPO DE CONTROL (LIBRO)
fixed length control field 161215t1998 spaa|||g ||| 001 1 spa d
020 ## - INTERNATIONAL STANDARD BOOK NUMBER
ISBN 9501519031
041 ## - CODIGO DE IDIOMA
Código de idioma del texto/pista de sonido o título separado spa
092 ## - SIGNATURA TOPOGRAFICA DEWEY LOCAL
número de clasificación 809
libristica 10
sección CAR
100 1# - ENTRADA PRINCIPAL--NOMBRE PERSONAL
Nombre personal Carranza, Fermin
9 (RLIN) 3107
245 ## - TITULO PROPIAMENTE DICHO
Título Revolucionarios de la ciencia.
Subtítulo y Título paralelo Vida e historia de los creadores de la medicina moderna /
Mención de responsabilidad y remanente de la transcripción de la portada Fermin Carranza
250 ## - MENCION DE EDICION
Mención de edición 1a ed.
260 ## - PIE DE IMPRENTA
Lugar de publicación, distribución, etc Buenos Aires:
Nombre de la editorial, distribuidor, etc Vergara;
Fecha de publicación 1998.
300 ## - DESCRIPCION FISICA
Extension 302 p.
500 ## - NOTA GENERAL
Nota general Carranza, F., Blitzer, B. y Platt, P. I. C. (1998). Revolucionarios de la ciencia. Vida e historia de los creadores de la medicina moderna. (1a ed.). Buenos Aires : Vergara.
505 ## - NOTA DE CONTENIDO
Nota de contenido formateada ¿Quién descubrió la anestesia, los rayos X y la radiactividad? ¿Cuándo y cómo lo hicieron? ¿Quién estudió los microbios, los genes y las infecciones? El doctor Fermín Carranza contesta todas las dudas que uno pueda tener sobre el origen de la ciencia moderna en una obra cuya lectura resulta amena a la vez que didáctica. A través de una serie de breves biografías de los padres de la medicina actual, el autor relata los fantásticos avances logrados durante el siglo pasado por lo hombres "revolucionarios", abnegados, dueños de una gran dedicación y una inmensa capacidad de creación. Fueron realmente pioneros pues supieron adelantarse a su época y defender sus novedosas teorías sin amedrentarse frente a las críticas -en muchos casos violentas- de sus colegas. La aparición de la anestesia y de los rayos X, la extracción indolora de muelas, el mundo de los microbios, las infecciones y la nutrición son algunos de los temas tratados en el libro, mientras que Luis Pasteur, Marie Curie, Alexander Fleming, Sigmund Freud y Gregor Mendel, entre otros famosos personajes, son retratados por medio de anécdotas e historias personales con un estilo sencillo y atractivo.
590 ## - NOTAS LOCALES (RLIN)
Nota local Donación Mónica Reyna. Proyecto 4to libro
655 ## - MATERIA - GENERO/FORMA
Género/Forma Biografias
-- 3108
700 1# - ENTRADAS SECUNDARIAS - NOMBRE PERSONAL
Nombre personal Blitzer, Bernardo
Función Col.
9 (RLIN) 3109
700 1# - ENTRADAS SECUNDARIAS - NOMBRE PERSONAL
Nombre personal Platt, Patricia I.C.
Función Col.
9 (RLIN) 3110
942 ## - ADDED ENTRY ELEMENTS (KOHA)
Source of classification or shelving scheme Dewey Decimal Classification
Item type LITERATURA
Existencias
Estado de retiro Existencia Fuente de clasificación Estado general No para prestamo Colección Ubicación permanente ubicación actual Sala de ubicación Fecha de adquisición Fuente de adquisición Total Checkouts Número de clasificación Código de barras Date last seen Número de ejemplar Price effective from Koha tipo de elemento (item) Public note
    Dewey Decimal Classification     Fiction Biblioteca Medicina Biblioteca Medicina Circulación 20/02/2017 Donación Mónica Reyna, 2017   809 10 CAR 3772 20/02/2017 Ej.1 20/02/2017 LITERATURA Proyecto 4to libro. Donación Reina, Monica

UNIVERSIDAD NACIONAL DEL COMAHUE
Biblioteca de la Facultad de Ciencias Médicas
Sede Toschi: Los Arrayanes y Av. Toschi, Cipolletti  - Rio Negro
Sede Los Tordos:  Yrigoyen al 2211, Cipolletti - Rio Negro 

Teléfono: 0299 - 4774707 int 25
Contacto: biblioteca@facimed.uncoma.edu.ar
© 2011 - 2026